Central Library OPAC University of Rajshahi

Ordinary and Partial Differential Equeations / (Record no. 54457)

MARC details
000 -LEADER
fixed length control field 00678nam a2200229 a 4500
001 - CONTROL NUMBER
control field 54457
003 - CONTROL NUMBER IDENTIFIER
rucl marc code BD-RjUL
005 - DATE AND TIME OF LATEST TRANSACTION
control field 20211209080126.0
008 - FIXED-LENGTH DATA ELEMENTS--GENERAL INFORMATION
fixed length control field 161107r2009 ii ||||| |||| 00| 0 eng d
020 ## - INTERNATIONAL STANDARD BOOK NUMBER
International Standard Book Number 8121908922
035 ## - SYSTEM CONTROL NUMBER
System control number (BD-RjUL)54579
040 ## - CATALOGING SOURCE
Original cataloging agency BD-RjUL
Language of cataloging eng
Transcribing agency BD-RjUL
041 ## - LANGUAGE CODE
Language code of text/sound track or separate title eng
082 ## - DEWEY DECIMAL CLASSIFICATION NUMBER
Edition number 23
Classification number 515.35
Author mark and year RAO 2009
100 1# - MAIN ENTRY--PERSONAL NAME
Personal name Raisinghania, M. D.
9 (RLIN) 124119
245 10 - TITLE STATEMENT
Title Ordinary and Partial Differential Equeations /
Statement of responsibility, etc. M. D. Raisinghania
250 ## - EDITION STATEMENT
Edition statement 11th rev. & enl. ed.
260 ## - PUBLICATION, DISTRIBUTION, ETC. (IMPRINT)
Place of publication, distribution, etc. New Dellhi :
Name of publisher, distributor, etc. S. Chad & Company Ltd,
Date of publication, distribution, etc. 2009
300 ## - PHYSICAL DESCRIPTION
Pagination Various Pagins :
Illustrations ill. ;
Size 24 cm.
650 ## - SUBJECT ADDED ENTRY--TOPICAL TERM
Topical term or geographic name as entry element Differential Equations
9 (RLIN) 117697
942 ## - ADDED ENTRY ELEMENTS (KOHA)
Source of classification or shelving scheme Dewey Decimal Classification
Koha item type Books
Holdings
Lost status Source of classification or shelving scheme Damaged status Not for loan Collection code Permanent Location Current Location Shelving location Date acquired Source of acquisition Cost, normal purchase price Total Checkouts Full call number Date last seen Copy number Koha item type
  Dewey Decimal Classification     Non-fiction Central Library, University of Rajshahi Central Library, University of Rajshahi   17/04/2010 Dhaka,Paragon Enterprise Lit., 450.00   515.35 RAO 2009 07/11/2016 C-2 Books